Earth's climate : past and future

Αποθηκεύτηκε σε:
Λεπτομέρειες βιβλιογραφικής εγγραφής
Κύριος συγγραφέας: Ruddiman, W. F. (William F.) 1943-
Μορφή: Βιβλίο
Γλώσσα:English
Δημοσίευση: New York : W.H. Freeman, 2001
Θέματα:
Ετικέτες: Προσθήκη ετικέτας
Δεν υπάρχουν, Καταχωρήστε ετικέτα πρώτοι!

MARC

LEADER 00000nam a2200000 i 4500
001 1/79903
008 080402s2001 eng d
020 |a 978-0-7167-3741-4 (pbk.) 
020 |a 0-7167-3741-8 (pbk.) 
035 |l 10096081 
040 |a GR-MY-UA  |b gre  |e aacr 
041 0 |a eng 
082 0 |a 551.6  |2 (22) 
100 1 |a Ruddiman, W. F.  |q (William F.)  |d 1943- 
245 1 0 |a Earth's climate :  |b past and future /  |c William F. Ruddiman 
260 |a New York :   |b W.H. Freeman,   |c 2001 
300 |a xxi, 465 σ.;  |b έγχρ. εικ., έγχρ. χάρτες;  |c 28 εκ. 
504 |a Περιέχει βιβλιογραφικές παραπομπές και ευρετήριο 
650 0 0 |a Climatology. 
650 0 0 |a Climatic changes. 
852 |a INST  |b LESVOS  |e 20080402  |h 551.6 RUD  |p 005100039492  |q 005100039492  |t BK  |y 0 
901 |a BIBL1-2008-1 
909 |a Λ  |b 144837 
922 |a 1ΕΛΗ  |b 200801  |c ΕΠΕΑΕΚ2/ΤΠ  |d ΕΛΕΥΘΕΡΟΥΔΑΚΗΣ 
970 |a ΚΑΡΑ  |b ΓΙΑΣΕΜΗ  |z 2008/04/02